[Event "Weekend Accademia Inverno"]
[Site "Roma ITA"]
[Date "2010.02.13"]
[Round "3"]
[White "Biondi, Massimo"]
[Black "Vuelban, Virgilio"]
[Result "0-1"]
[WhiteElo "1924"]
[BlackElo "2353"]
[PlyCount "140"]
[EventDate "2010.02.12"]

1. e4 c5 2. c3 d6 3. d4 Nf6 4. Bd3 g6 5. Ne2 Bg7 6. O-O O-O 7. h3 b6 8. Be3 Bb7
9. Nd2 Nc6 10. Rc1 cxd4 11. cxd4 Nb4 12. Bb1 Ba6 13. Nf3 Rc8 14. Qd2 Nc6 15.
Rfd1 d5 16. Ng3 dxe4 17. Nxe4 Qd5 18. Nc3 Qa5 19. Bh6 Rfd8 20. Bxg7 Kxg7 21. a3
Qh5 22. Qe3 e6 23. Ba2 Bb7 24. Ne5 Nxe5 25. Qxe5 Rd7 26. Kh2 Rcd8 27. g4 Qh4
28. Rc2 Kg8 29. Qg3 Qxg3+ 30. Kxg3 Rxd4 31. Rxd4 Rxd4 32. Ne2 Rd3+ 33. Kh2 g5
34. f4 h6 35. fxg5 hxg5 36. Bc4 Rd1 37. Ng1 Nd5 38. Be2 Ne3 39. Rc3 Nf1+ 40.
Bxf1 Rxf1 41. Rc2 Be4 42. Re2 Bd5 43. Rc2 Kg7 44. Ne2 Rf2+ 45. Kg1 Rg2+ 46. Kf1
Rh2 47. Rc3 b5 48. b3 a5 49. Re3 b4 50. axb4 axb4 51. Kg1 Rh1+ 52. Kf2 Rd1 53.
Rg3 e5 54. Re3 f6 55. Ng3 Kf7 56. Ne4 Rd4 57. Nc5 Rd2+ 58. Ke1 Rc2 59. Ne4 Rb2
60. Nd2 Ke6 61. Kd1 Ra2 62. Kc1 Kd6 63. Re2 Ra1+ 64. Kb2 Rh1 65. Ne4+ Bxe4 66.
Rxe4 Rh2+ 67. Kc1 Kc5 68. Re3 Rf2 69. Kd1 Kd4 70. Rg3 e4 0-1

[Event "Weekend Accademia Inverno"]
[Site "Roma ITA"]
[Date "2010.02.13"]
[Round "3"]
[White "Chiaretti, Roberto"]
[Black "Trebeschi, Andrea"]
[Result "1-0"]
[WhiteElo "2172"]
[BlackElo "2039"]
[PlyCount "75"]
[EventDate "2010.02.12"]

1. e4 d6 2. d4 Nf6 3. Nc3 g6 4. h3 Bg7 5. Be3 b6 6. Bd3 Bb7 7. Nge2 c5 8. Qd2
Nc6 9. d5 Ne5 10. Bb5+ Ned7 11. Ng3 a6 12. Be2 b5 13. Bh6 Bxh6 14. Qxh6 Qa5 15.
O-O b4 16. Nd1 Qc7 17. Ne3 a5 18. f4 Ba6 19. Bxa6 Rxa6 20. Rad1 Kd8 21. Qg7 Rf8
22. Rfe1 h5 23. Nc4 Ne8 24. Qh6 Rg8 25. e5 Nb6 26. exd6 exd6 27. Nxb6 Rxb6 28.
Qg5+ f6 29. Qh4 c4 30. Re2 Rb7 31. f5 Qg7 32. Qxc4 Rc7 33. Qb5 h4 34. Rde1 Qd7
35. Qxa5 hxg3 36. fxg6 f5 37. Qxb4 Rxg6 38. Qb8+ 1-0

[Event "Weekend Accademia Inverno"]
[Site "Roma ITA"]
[Date "2010.02.13"]
[Round "3"]
[White "Condemi De Felice, Alfonso"]
[Black "Tomassetti, Giuseppe"]
[Result "1/2-1/2"]
[WhiteElo "1916"]
[BlackElo "1704"]
[PlyCount "38"]
[EventDate "2010.02.12"]

1. d4 Nf6 2. c4 c5 3. e3 d5 4. Nf3 Nc6 5. Nc3 Bg4 6. Be2 e6 7. O-O cxd4 8. Nxd4
Bxe2 9. Ncxe2 Nxd4 10. exd4 dxc4 11. Qa4+ Qd7 12. Qxc4 Rc8 13. Qb3 Bd6 14. Bf4
Bxf4 15. Nxf4 O-O 16. Rad1 Rfd8 17. Rd3 Qc7 18. g3 Nd5 19. Nxd5 Rxd5 1/2-1/2

[Event "Weekend Accademia Inverno"]
[Site "Roma ITA"]
[Date "2010.02.13"]
[Round "3"]
[White "Corvi, Marco"]
[Black "Bonaposta, Fabrizio"]
[Result "1-0"]
[WhiteElo "2279"]
[BlackElo "2047"]
[PlyCount "137"]
[EventDate "2010.02.12"]

1. c4 e6 2. Nf3 d5 3. g3 Nf6 4. Bg2 Be7 5. O-O O-O 6. d4 c6 7. Nc3 Nbd7 8. b3
b6 9. Bb2 Ba6 10. Re1 Rc8 11. e4 Bb4 12. e5 Ne4 13. Re3 Nxc3 14. Bxc3 Be7 15.
Nd2 Qc7 16. Bb2 Rfd8 17. Rc1 Qb8 18. Rec3 Bb7 19. cxd5 cxd5 20. Bf1 Rxc3 21.
Bxc3 Rc8 22. Bd3 a5 23. Qh5 g6 24. Qe2 Rc7 25. Nb1 Qc8 26. Rc2 Nb8 27. Bb2 Rxc2
28. Bxc2 Ba6 29. Qd2 Qc6 30. a4 b5 31. Qc3 bxa4 32. bxa4 Qb6 33. Qb3 Bb4 34.
Bd3 Nc6 35. Bxa6 Qxa6 36. Na3 Qe2 37. Qc2 Nxd4 38. Bxd4 Qe1+ 39. Kg2 Bxa3 40.
Bc3 Qc1 41. Qxc1 Bxc1 42. Bxa5 Kf8 43. Bb6 Ke8 44. a5 Kd7 45. a6 Kc6 46. Bd4
Ba3 47. g4 Be7 48. Kf3 Ba3 49. Ke2 Bb4 50. Kd3 Bf8 51. Kc3 Ba3 52. Kd2 Bf8 53.
Ke3 Ba3 54. Kf4 Be7 55. Kg3 Bd8 56. f4 Be7 57. Kf3 Ba3 58. f5 Bb4 59. f6 Bf8
60. Ke2 Bb4 61. Kd3 Be1 62. Kc2 Bb4 63. Kb3 Ba5 64. Ka4 Bc7 65. a7 Kb7 66. Kb5
Bd8 67. a8=Q+ Kxa8 68. Kc6 Kb8 69. Kd7 1-0

[Event "Weekend Accademia Inverno"]
[Site "Roma ITA"]
[Date "2010.02.13"]
[Round "3"]
[White "Di Tucci, Benedetto"]
[Black "De Santis, Emilio"]
[Result "1-0"]
[WhiteElo "1826"]
[BlackElo "1897"]
[PlyCount "91"]
[EventDate "2010.02.12"]

1. d4 f5 2. g3 Nf6 3. Bg2 e6 4. c4 d5 5. Nh3 c6 6. cxd5 exd5 7. O-O Bd6 8. Bf4
O-O 9. Bxd6 Qxd6 10. e3 b5 11. Nd2 a5 12. Nf4 Nbd7 13. Qc2 Bb7 14. Qxf5 Rf7 15.
Qb1 Ba6 16. Bh3 g5 17. Nd3 b4 18. Rc1 Raf8 19. f3 h5 20. Bg2 g4 21. f4 Bxd3 22.
Qxd3 Nb8 23. Rc5 Qd8 24. a3 Nfd7 25. Rcc1 Qe7 26. Re1 Nf6 27. e4 dxe4 28. Nxe4
Qd8 29. Ng5 Re7 30. Ne6 Qe8 31. f5 Rff7 32. axb4 axb4 33. Qd2 Nh7 34. Be4 b3
35. Rec1 Nf6 36. Qg5+ Kh8 37. Qh6+ Kg8 38. Bd3 Qd7 39. Qe3 Nd5 40. Qg5+ Kh8 41.
Qxh5+ Rh7 42. Qxg4 Nf6 43. Qf4 Nh5 44. Qxb8+ Re8 45. Qe5+ Kg8 46. Bc4 1-0

[Event "Weekend Accademia Inverno"]
[Site "Roma ITA"]
[Date "2010.02.13"]
[Round "3"]
[White "Failli, Riccardo"]
[Black "Stoyko, Maksym"]
[Result "1/2-1/2"]
[WhiteElo "2040"]
[BlackElo "2152"]
[PlyCount "103"]
[EventDate "2010.02.12"]

1. e4 e6 2. d4 d5 3. e5 Ne7 4. Nf3 b6 5. b4 Qd7 6. a4 c6 7. Nc3 Na6 8. Ba3 Nc7
9. b5 a6 10. Qb1 Rb8 11. Bd3 Ng6 12. Bxf8 Nxf8 13. O-O cxb5 14. axb5 a5 15. Nd2
Ng6 16. f4 Qe7 17. Qe1 O-O 18. g3 Bd7 19. Rb1 Be8 20. Rb3 Nh8 21. f5 exf5 22.
Rxf5 Bd7 23. Rf2 f6 24. Nf3 Rbe8 25. Na4 Qe6 26. Qc3 Rc8 27. Qd2 Ng6 28. Qe2 f5
29. Ng5 Qe7 30. Nxh7 Ne6 31. c3 Kxh7 32. Nxb6 Qg5 33. Nxd7 Ngf4 34. Nxf8+ Rxf8
35. Qf1 a4 36. Rb1 Nxd3 37. Qxd3 g6 38. c4 Qg4 39. cxd5 Ng5 40. Qe2 Nh3+ 41.
Kg2 Nxf2 42. Kxf2 Qxd4+ 43. Kf1 Qxd5 44. Kg1 Re8 45. Rd1 Qc5+ 46. Qf2 Rxe5 47.
Qxc5 Rxc5 48. Rb1 a3 49. b6 a2 50. Ra1 Rb5 51. Rxa2 Rxb6 52. Kg2 1/2-1/2

[Event "Weekend Accademia Inverno"]
[Site "Roma ITA"]
[Date "2010.02.13"]
[Round "3"]
[White "Fasulo, Marco"]
[Black "Battistelli, Alessandro"]
[Result "0-1"]
[WhiteElo "1708"]
[BlackElo "1923"]
[PlyCount "124"]
[EventDate "2010.02.12"]

1. e4 e6 2. Nf3 d5 3. exd5 exd5 4. Be2 Nf6 5. O-O Be7 6. d4 O-O 7. h3 Bf5 8.
Bf4 Ne4 9. Nbd2 Bd6 10. Bxd6 Nxd6 11. g4 Bg6 12. Ne5 Qh4 13. Kh2 Be4 14. Nxe4
Nxe4 15. Nf3 Qh6 16. Bd3 Qf4+ 17. Kg2 Nd7 18. Bxe4 dxe4 19. Nd2 f5 20. f3 fxg4
21. fxg4 Qe3 22. Nc4 Qg5 23. c3 Rxf1 24. Qxf1 b5 25. Na3 Qd2+ 26. Qf2 Qd3 27.
Re1 Rf8 28. Qe2 Rf3 29. Qxd3 Rxd3 30. Rxe4 Rd2+ 31. Kf3 Rxb2 32. Re2 Rxe2 33.
Kxe2 c6 34. Nc2 Kf7 35. Kf3 Ke6 36. g5 Nb6 37. Ne3 a6 38. h4 Na4 39. c4 bxc4
40. Nxc4 Kd5 41. Ne3+ Ke6 42. Kf4 g6 43. Ng4 Nc3 44. a3 Nb5 45. Ke4 Nd6+ 46.
Kd3 Nf5 47. Ne5 Kd5 48. Nf3 a5 49. a4 c5 50. dxc5 Kxc5 51. Kc3 Ne3 52. Ne5 Kd5
53. Kd3 Nf5 54. Nf3 h6 55. gxh6 Nxh6 56. Ke3 Kc5 57. Ne5 Nf5+ 58. Kf4 Nxh4 59.
Nd3+ Kd4 60. Nb2 Kc3 61. Nd1+ Kb3 62. Kg5 Kxa4 0-1

[Event "Weekend Accademia Inverno"]
[Site "Roma ITA"]
[Date "2010.02.13"]
[Round "3"]
[White "Granitto, Francesco"]
[Black "Guiducci, Antonio"]
[Result "1-0"]
[WhiteElo "1425"]
[BlackElo "1335"]
[PlyCount "79"]
[EventDate "2010.02.12"]

1. e4 c6 2. d4 d5 3. e5 Bf5 4. Bd3 Bg6 5. Bxg6 hxg6 6. Nf3 e6 7. O-O Nd7 8. Qd3
c5 9. c3 a6 10. Ng5 Nh6 11. Nxe6 Qb6 12. Nf4 Qc6 13. Re1 O-O-O 14. Bd2 Re8 15.
Qe2 g5 16. Nh3 g4 17. Nf4 g5 18. Nd3 Qg6 19. g3 Qh5 20. Qf1 Nf5 21. Qg2 Ne7 22.
Na3 Bg7 23. Nc2 c4 24. Nc1 Rh6 25. b3 b5 26. bxc4 bxc4 27. a3 Reh8 28. Kf1 Qg6
29. Ne3 Rxh2 30. Nxd5 Nxd5 31. Qxd5 Nb6 32. Qd6 Rh1+ 33. Ke2 Rxe1+ 34. Bxe1
Qe4+ 35. Kd2 Rh1 36. Qc5+ Kd7 37. Qxb6 Rxe1 38. Rb1 Rh1 39. Qd6+ Kc8 40. Rb8#
1-0

[Event "Weekend Accademia Inverno"]
[Site "Roma ITA"]
[Date "2010.02.13"]
[Round "3"]
[White "Iandolo, Marco"]
[Black "Prudenzano, Ruggero"]
[Result "0-1"]
[WhiteElo "1931"]
[BlackElo "1927"]
[PlyCount "42"]
[EventDate "2010.02.12"]

1. Nf3 Nf6 2. g3 g6 3. b4 Bg7 4. Bb2 O-O 5. Bg2 d5 6. O-O c6 7. d3 a5 8. a3
axb4 9. axb4 Rxa1 10. Bxa1 Nbd7 11. Nbd2 Re8 12. c4 e5 13. Qc2 Qe7 14. b5 e4
15. dxe4 dxe4 16. Ng5 e3 17. Nde4 exf2+ 18. Rxf2 Nxe4 19. Rxf7 Qc5+ 20. Kh1
Nf2+ 21. Kg1 Nh3+ 0-1

[Event "Weekend Accademia Inverno"]
[Site "Roma ITA"]
[Date "2010.02.13"]
[Round "3"]
[White "Maurizio, Antonio"]
[Black "Ingravallo, Onofrio"]
[Result "0-1"]
[WhiteElo "1449"]
[BlackElo "1812"]
[PlyCount "39"]
[EventDate "2010.02.12"]

1. Nf3 c6 2. c4 d5 3. d4 Nf6 4. cxd5 cxd5 5. Nc3 e6 6. e3 Bb4 7. Bd2 O-O 8. Bd3
Nc6 9. O-O a6 10. a3 Bd6 11. b4 e5 12. dxe5 Nxe5 13. Nxe5 Bxe5 14. Rc1 Bxh2+
15. Kh1 Ng4 16. g3 Qg5 17. f4 Qh5 18. Kg2 Nxe3+ 19. Bxe3 Qh3+ 20. Kf2 0-1

[Event "Weekend Accademia Inverno"]
[Site "Roma ITA"]
[Date "2010.02.13"]
[Round "3"]
[White "Melissa, Raffaello"]
[Black "Ottaviani, Gianluca"]
[Result "0-1"]
[WhiteElo "1613"]
[BlackElo "1914"]
[PlyCount "49"]
[EventDate "2010.02.12"]

1. e4 c5 2. c3 d6 3. d4 Nf6 4. Bd3 g6 5. f4 Bg7 6. Nf3 O-O 7. O-O Nc6 8. d5 Nb8
9. c4 Na6 10. Nc3 Nc7 11. e5 Nfe8 12. Ne4 Bg4 13. exd6 Nxd6 14. Rb1 Bd4+ 15.
Kh1 b5 16. b3 Rb8 17. Qe1 Bxf3 18. Rxf3 bxc4 19. bxc4 Rxb1 20. Bxb1 Nxc4 21. f5
Nxd5 22. Bh6 Bg7 23. Bxg7 Kxg7 24. Rd3 Ne5 25. Rd1 {...} 0-1

[Event "Weekend Accademia Inverno"]
[Site "Roma ITA"]
[Date "2010.02.13"]
[Round "3"]
[White "Milani, Patrizia"]
[Black "Squicciarini, Simone"]
[Result "0-1"]
[WhiteElo "1407"]
[BlackElo "1614"]
[PlyCount "100"]
[EventDate "2010.02.12"]

1. e4 d6 2. Nc3 Nf6 3. h3 g6 4. Bc4 Bg7 5. Nf3 O-O 6. d4 c6 7. Bb3 b5 8. Be3 b4
9. Ne2 Nxe4 10. Qc1 Nd7 11. Bh6 Nef6 12. Bxg7 Kxg7 13. Qe3 Nb6 14. a3 Nbd5 15.
Qc1 Qb6 16. O-O Ba6 17. Re1 Bxe2 18. Rxe2 a5 19. a4 Qc7 20. c4 bxc3 21. bxc3
Rab8 22. Qc2 Rb7 23. c4 Nb4 24. Qc3 Rfb8 25. Rb1 Qd7 26. Qe3 Qf5 27. Nd2 Qd3
28. Qxd3 Nxd3 29. Bc2 Nf4 30. Ree1 Rxb1 31. Rxb1 Rxb1+ 32. Bxb1 Ne2+ 33. Kh2
Nxd4 34. Kg3 e5 35. Kh2 Nd7 36. Ne4 d5 37. cxd5 cxd5 38. Nc3 Nb6 39. Ba2 Ne6
40. Bxd5 Nxd5 41. Nxd5 Nc5 42. Nc3 f5 43. Kg3 Ne4+ 44. Nxe4 fxe4 45. Kg4 Kf6
46. Kg3 Ke6 47. Kh2 Kd5 48. Kg1 Kc5 49. Kf1 Kb4 50. Ke1 Kxa4 0-1

[Event "Weekend Accademia Inverno"]
[Site "Roma ITA"]
[Date "2010.02.13"]
[Round "3"]
[White "Mircoli, Gianluca"]
[Black "Petragnani, Alessandro"]
[Result "0-1"]
[WhiteElo "1923"]
[BlackElo "1732"]
[PlyCount "140"]
[EventDate "2010.02.12"]

1. d4 g6 2. Nf3 Bg7 3. Bg5 d6 4. Nbd2 Nd7 5. c3 c5 6. e3 Ngf6 7. Bd3 O-O 8. Qc2
b6 9. h4 h5 10. O-O-O Bb7 11. Rdg1 Rc8 12. Kb1 Ng4 13. Nc4 Qe8 14. Bf4 d5 15.
Nce5 Ndxe5 16. Nxe5 Nxe5 17. dxe5 e6 18. g4 d4 19. Rh3 c4 20. exd4 cxd3 21.
Qxd3 hxg4 22. Rxg4 Bd5 23. h5 Qa4 24. hxg6 Qxa2+ 25. Kc1 Qa1+ 26. Kc2 Qa4+ 27.
Kd2 f5 28. exf6 Rxf6 29. Qg3 Be4 30. Ke3 Qc2 31. f3 Qd3+ 32. Kf2 Qc2+ 33. Kg1
Qd1+ 34. Kh2 Qe2+ 35. Qg2 Qxg2+ 36. Rxg2 Rxf4 37. fxe4 Rxe4 38. Rf2 Rf8 39. Rd2
Ref4 40. Kg3 Rf3+ 41. Kg2 Rxh3 42. Kxh3 Rf6 43. d5 exd5 44. Rxd5 Rxg6 45. Rd7
a5 46. Rc7 Kh7 47. b4 axb4 48. cxb4 Kh6 49. b5 Bd4 50. Rc4 Bc5 51. Rh4+ Kg5 52.
Rg4+ Kf5 53. Rh4 Ke5 54. Kh2 Kd5 55. Kh3 Re6 56. Kg2 Re4 57. Rh5+ Kc4 58. Kf3
Re3+ 59. Kf4 Re1 60. Kf3 Kxb5 61. Rh4 Re3+ 62. Kf4 Rd3 63. Ke5 Ka5 64. Rh1 b5
65. Ke4 Rd4+ 66. Ke5 b4 67. Rc1 Kb5 68. Rb1 Rd2 69. Ke4 Ka4 70. Rc1 Bd4 0-1

[Event "Weekend Accademia Inverno"]
[Site "Roma ITA"]
[Date "2010.02.13"]
[Round "3"]
[White "Musmarra, Giovanni"]
[Black "D'Auria, Giuseppe"]
[Result "1-0"]
[WhiteElo "1735"]
[BlackElo "1525"]
[PlyCount "53"]
[EventDate "2010.02.12"]

1. e4 e5 2. Bc4 Nc6 3. Nf3 h6 4. d4 exd4 5. Nxd4 Be7 6. Nc3 Nf6 7. Be3 O-O 8.
Qd2 Nxd4 9. Bxd4 d6 10. f3 Be6 11. Bxe6 fxe6 12. O-O-O Nd7 13. h4 e5 14. Be3
Bxh4 15. Rh3 Nb6 16. b3 Bg5 17. Rg3 Bxe3 18. Qxe3 Rf4 19. Ne2 Rh4 20. Rh3 Rxh3
21. gxh3 Qh4 22. f4 exf4 23. Nxf4 Re8 24. Rg1 Qf6 25. Nh5 Qe6 26. Nxg7 Qxe4 27.
Nxe8+ 1-0

[Event "Weekend Accademia Inverno"]
[Site "Roma ITA"]
[Date "2010.02.13"]
[Round "3"]
[White "Napoli, Nicolo'"]
[Black "Wollenweber, Carsten"]
[Result "0-1"]
[WhiteElo "2378"]
[BlackElo "2131"]
[PlyCount "56"]
[EventDate "2010.02.12"]

1. e4 d5 2. exd5 Nf6 3. d4 Nxd5 4. Nf3 g6 5. c4 Nb6 6. Nc3 Bg7 7. Be2 O-O 8.
O-O Nc6 9. Be3 Bg4 10. c5 Nd5 11. h3 Bxf3 12. Bxf3 e6 13. Qa4 Nce7 14. Rfe1 Nf5
15. Rad1 Nfxe3 16. fxe3 Bh6 17. Bxd5 exd5 18. Qb3 c6 19. Qxb7 Qf6 20. Rd2 Rae8
21. Rf2 Qe6 22. e4 Re7 23. Qa6 Bg7 24. Qd3 Rd8 25. Rfe2 dxe4 26. Rxe4 Qf5 27.
Rf1 Rxe4 28. Qxe4 Bxd4+ 0-1

[Event "Weekend Accademia Inverno"]
[Site "Roma ITA"]
[Date "2010.02.13"]
[Round "3"]
[White "Pecorari, Marcello"]
[Black "Shytaj, Carlo"]
[Result "0-1"]
[WhiteElo "2054"]
[BlackElo "2237"]
[PlyCount "130"]
[EventDate "2010.02.12"]

1. e4 g6 2. d4 c6 3. Nf3 d5 4. exd5 cxd5 5. c4 Nf6 6. Nc3 Bg7 7. cxd5 Nxd5 8.
Qb3 Nb6 9. Bb5+ Bd7 10. Bxd7+ N8xd7 11. Be3 O-O 12. O-O Rc8 13. Rac1 Nf6 14.
Ne5 Nfd5 15. Nxd5 Qxd5 16. Qxd5 Nxd5 17. Bd2 f6 18. Nf3 Kf7 19. a3 Rfd8 20.
Rxc8 Rxc8 21. Rc1 Rd8 22. Kf1 g5 23. g4 e6 24. Ke2 Bf8 25. h4 h6 26. hxg5 hxg5
27. Ne1 Bd6 28. Nd3 Rh8 29. Nb4 Bxb4 30. axb4 Rh4 31. Rg1 Rh3 32. f3 Rh2+ 33.
Kd3 Rf2 34. Rg3 a6 35. Bc3 Ke7 36. Kc4 b6 37. b5 a5 38. Kb3 Kf7 39. Be1 Re2 40.
Bc3 Re3 41. Kc4 a4 42. Rg1 a3 43. Ra1 axb2 44. Ra7+ Kg6 45. Bxb2 Rxf3 46. Rd7
Rf2 47. Ba3 Rc2+ 48. Kb3 Rc3+ 49. Kb2 Rc4 50. Bf8 Rc7 51. Rd8 Rc4 52. Rd7 f5
53. gxf5+ Kxf5 54. Bg7 Rb4+ 55. Kc2 Rxb5 56. Kd3 Rb3+ 57. Kc4 Rc3+ 58. Kb5 Rc8
59. Be5 Rg8 60. Kc6 g4 61. Kd6 g3 62. Rf7+ Ke4 63. Bxg3 Rxg3 64. Kxe6 Rg6+ 65.
Kd7 Kxd4 0-1

[Event "Weekend Accademia Inverno"]
[Site "Roma ITA"]
[Date "2010.02.13"]
[Round "3"]
[White "Pipitone, Filippo Massimo"]
[Black "Angelastro, Ariel Francisc"]
[Result "0-1"]
[WhiteElo "1501"]
[BlackElo "1419"]
[PlyCount "76"]
[EventDate "2010.02.12"]

1. e4 c5 2. Nc3 Nc6 3. g3 g6 4. Bg2 Bg7 5. d3 e6 6. f4 d6 7. Nge2 Nge7 8. O-O
d5 9. e5 Nf5 10. h3 a6 11. Kh2 Bd7 12. Nb1 b5 13. c3 Rc8 14. Nd2 Ne3 15. Qe1
Nc2 16. Qd1 Nxa1 17. Nf3 Qa5 18. Be3 Qxa2 19. Qxa1 Qxa1 20. Rxa1 Nb8 21. Ng5
Ke7 22. g4 h6 23. Nf3 f6 24. Bf2 Rc6 25. Re1 a5 26. b3 Rhc8 27. c4 bxc4 28.
dxc4 d4 29. Nh4 Kf7 30. Bxc6 Rxc6 31. exf6 Bxf6 32. Nf3 Rd6 33. Nc1 Bc6 34. Nd2
Nd7 35. Nd3 Bb7 36. Bg3 Ra6 37. Ne4 Be7 38. Nexc5 Nxc5 0-1

[Event "Weekend Accademia Inverno"]
[Site "Roma ITA"]
[Date "2010.02.13"]
[Round "3"]
[White "Proietti, Giorgio"]
[Black "Baruffaldi, Giuseppe"]
[Result "0-1"]
[WhiteElo "1910"]
[BlackElo "1655"]
[PlyCount "88"]
[EventDate "2010.02.12"]

1. d4 Nf6 2. c4 g6 3. Nc3 d5 4. cxd5 Nxd5 5. e4 Nxc3 6. bxc3 Bg7 7. Be3 O-O 8.
Nf3 Bg4 9. Qd2 Bxf3 10. gxf3 c5 11. Rb1 Qc7 12. h4 h5 13. Bd3 Nc6 14. d5 Ne5
15. Be2 Rfd8 16. c4 b6 17. Bh6 Bh8 18. Rg1 Rd6 19. f4 Ng4 20. Bxg4 hxg4 21.
Rxg4 Kh7 22. e5 Rd7 23. Bg5 f6 24. e6 Rdd8 25. Qc2 Rg8 26. h5 fxg5 27. hxg6+
Kg7 28. Qf5 Raf8 29. Qxg5 Rf6 30. Rh4 Rxg6 31. Qh5 Kf8 32. Rg4 Rf6 33. Rxg8+
Kxg8 34. Qe8+ Rf8 35. Qg6+ Bg7 36. Qg5 Qxf4 37. Qxf4 Rxf4 38. Rb3 Rxc4 39. Rf3
Rd4 40. Ra3 a5 41. Rb3 Rb4 42. Rg3 a4 43. Ra3 b5 44. f3 Rd4 0-1

[Event "Weekend Accademia Inverno"]
[Site "Roma ITA"]
[Date "2010.02.13"]
[Round "3"]
[White "Quimi, Marco"]
[Black "Bolla, Vittorio"]
[Result "1-0"]
[WhiteElo "2147"]
[BlackElo "1786"]
[PlyCount "47"]
[EventDate "2010.02.12"]

1. e4 e6 2. d4 d5 3. e5 c5 4. c3 Nc6 5. Nf3 Qb6 6. a3 c4 7. Nbd2 Na5 8. g3 Bd7
9. Bg2 Be7 10. O-O f5 11. exf6 gxf6 12. Re1 O-O-O 13. Qe2 Bd6 14. Bh3 Re8 15.
Nh4 Ne7 16. Ndf3 Ng6 17. Bh6 Rhg8 18. Ng2 Nb3 19. Rad1 Qc7 20. Ne3 Bf4 21. Nxd5
exd5 22. Qxe8+ Rxe8 23. Rxe8+ Qd8 24. Bxd7+ 1-0

[Event "Weekend Accademia Inverno"]
[Site "Roma ITA"]
[Date "2010.02.14"]
[Round "4"]
[White "Battistelli, Alessandro"]
[Black "Petragnani, Alessandro"]
[Result "1/2-1/2"]
[WhiteElo "1923"]
[BlackElo "1732"]
[PlyCount "95"]
[EventDate "2010.02.12"]

1. e4 g6 2. d4 Bg7 3. Nc3 d6 4. f4 a6 5. Nf3 Nd7 6. Bd3 b5 7. O-O Bb7 8. Be3 b4
9. Ne2 Ngf6 10. Ng3 Ng4 11. Bd2 c5 12. c3 Qb6 13. e5 cxd4 14. Nxd4 dxe5 15.
fxe5 Ngxe5 16. Be4 Bxe4 17. Nxe4 bxc3 18. bxc3 Nc4 19. Qf3 O-O 20. Be3 Nde5 21.
Qe2 Ng4 22. Rab1 Qa7 23. Bf2 Nxf2 24. Qxf2 e5 25. Nc6 Qxf2+ 26. Rxf2 Rfe8 27.
Rb7 f5 28. Nd2 Ne3 29. Nf3 Bf6 30. Rd2 Nc4 31. Rdd7 Rac8 32. Nb4 Rcd8 33. Rf7
Nd6 34. Rxf6 Nxb7 35. Rxa6 Rd1+ 36. Kf2 Nc5 37. Ra7 Red8 38. Nc6 Ne4+ 39. Ke2
Nxc3+ 40. Kf2 Ne4+ 41. Ke2 R8d6 42. Ncxe5 Nc3+ 43. Kf2 Ne4+ 44. Ke3 h6 45. a4
Nc5 46. Ke2 Ra1 47. Ke3 Rad1 48. Ke2 1/2-1/2

[Event "Weekend Accademia Inverno"]
[Site "Roma ITA"]
[Date "2010.02.14"]
[Round "4"]
[White "Biondi, Massimo"]
[Black "Di Giulio, Michele"]
[Result "1-0"]
[WhiteElo "1924"]
[BlackElo "1674"]
[PlyCount "87"]
[EventDate "2010.02.12"]

1. e4 e5 2. Nf3 Nf6 3. Nxe5 Qe7 4. d4 d6 5. Nc4 Qxe4+ 6. Ne3 Nc6 7. c3 d5 8.
Bd3 Qe7 9. O-O g6 10. Re1 Be6 11. f4 Ne4 12. c4 O-O-O 13. cxd5 Bxd5 14. Nxd5
Rxd5 15. Rxe4 Qd8 16. Bc4 Rxd4 17. Rxd4 Qxd4+ 18. Qxd4 Nxd4 19. Nc3 Bg7 20. Rb1
f5 21. Be3 Re8 22. Kf2 Bh8 23. Bd3 Bg7 24. Re1 Bh8 25. Kf1 Bg7 26. Bxd4 Rxe1+
27. Kxe1 Bxd4 28. Ke2 a6 29. Bc4 Kd7 30. Bg8 h6 31. Bh7 g5 32. Bxf5+ Ke8 33.
fxg5 hxg5 34. Bc8 b5 35. Bxa6 b4 36. Nd1 g4 37. Bc8 Bg1 38. Bxg4 Bxh2 39. Kd3
c5 40. Kc4 Bd6 41. Nf2 Be5 42. b3 Bf4 43. Nd3 Be3 44. Nxc5 1-0

[Event "Weekend Accademia Inverno"]
[Site "Roma ITA"]
[Date "2010.02.14"]
[Round "4"]
[White "Bolla, Vittorio"]
[Black "Prudenzano, Ruggero"]
[Result "0-1"]
[WhiteElo "1786"]
[BlackElo "1927"]
[PlyCount "74"]
[EventDate "2010.02.12"]

1. e4 c5 2. Nf3 Nf6 3. e5 Nd5 4. Nc3 e6 5. Nxd5 exd5 6. d4 Nc6 7. dxc5 Bxc5 8.
Bd3 O-O 9. O-O d6 10. Bxh7+ Kxh7 11. Ng5+ Kg6 12. Qd3+ f5 13. exf6+ Bf5 14. Qg3
Kxf6 15. Nh7+ Kf7 16. Bg5 Qd7 17. Qf3 Rh8 18. g4 Nd4 19. Qxd5+ Be6 20. Qe4 Rxh7
21. c3 Ne2+ 22. Qxe2 Bxg4 23. Qe4 Rh3 24. Rae1 Bf3 25. Qc4+ d5 26. Qf4+ Kg6 27.
Bh4 Bd6 28. Qg5+ Kh7 29. Bg3 Rf8 30. Re3 Rf5 31. Re7 Bxe7 32. Qe3 b6 33. b4 Bd6
34. Qd3 Be4 35. Qe2 Bxg3 36. fxg3 Rxf1+ 37. Qxf1 Qf5 0-1

[Event "Weekend Accademia Inverno"]
[Site "Roma ITA"]
[Date "2010.02.14"]
[Round "4"]
[White "Bonaposta, Fabrizio"]
[Black "Di Tucci, Benedetto"]
[Result "1-0"]
[WhiteElo "2047"]
[BlackElo "1826"]
[PlyCount "57"]
[EventDate "2010.02.12"]

1. e4 e6 2. d4 d5 3. Nd2 Nf6 4. e5 Nfd7 5. Bd3 c5 6. c3 Nc6 7. Ne2 Qb6 8. Nf3
cxd4 9. cxd4 Bb4+ 10. Bd2 Bxd2+ 11. Qxd2 Qb4 12. Qxb4 Nxb4 13. Bb1 a6 14. O-O
O-O 15. Rc1 f6 16. Nf4 Nb6 17. Nd3 Nc6 18. b3 fxe5 19. Ndxe5 Nxe5 20. Nxe5 Nd7
21. Nf3 Nf6 22. Bd3 Bd7 23. Rc7 Rab8 24. Rac1 Rfc8 25. Ne5 Rd8 26. g3 Rbc8 27.
Nxd7 Rxc7 28. Nxf6+ gxf6 29. Rxc7 1-0

[Event "Weekend Accademia Inverno"]
[Site "Roma ITA"]
[Date "2010.02.14"]
[Round "4"]
[White "Guiducci, Antonio"]
[Black "Milani, Patrizia"]
[Result "0-1"]
[WhiteElo "1335"]
[BlackElo "1407"]
[PlyCount "62"]
[EventDate "2010.02.12"]

1. e4 e5 2. Nc3 Nf6 3. f4 d5 4. fxe5 Nxe4 5. Nf3 Bg4 6. Be2 Bxf3 7. Bxf3 Qh4+
8. g3 Qd8 9. Nxe4 dxe4 10. Bxe4 c6 11. d4 Nd7 12. Qd3 Qe7 13. Qb3 O-O-O 14. O-O
f6 15. e6 Nb6 16. c3 g6 17. Bd2 f5 18. Bg2 h5 19. h4 Bg7 20. Rae1 Bf6 21. Qc2
Rd6 22. Qb3 Re8 23. Qa3 Nc4 24. Qxa7 Nxd2 25. Rf2 Rxe6 26. Qa8+ Kc7 27. Qa5+
Kb8 28. Rxe6 Qxe6 29. Kh2 Ne4 30. Re2 Qd6 31. Kh3 Qxg3# 0-1

[Event "Weekend Accademia Inverno"]
[Site "Roma ITA"]
[Date "2010.02.14"]
[Round "4"]
[White "Lami, Damiano"]
[Black "Condemi De Felice, Alfonso"]
[Result "0-1"]
[WhiteElo "1479"]
[BlackElo "1916"]
[PlyCount "92"]
[EventDate "2010.02.12"]

1. e4 g6 2. d4 Bg7 3. Be3 c5 4. c3 Nf6 5. Bd3 cxd4 6. cxd4 O-O 7. Nc3 Nc6 8. a3
a6 9. Rc1 b5 10. b4 Bb7 11. f4 e6 12. Qe2 d5 13. e5 Nd7 14. Nf3 Nb6 15. h4 Nc4
16. Bxc4 dxc4 17. h5 Ne7 18. hxg6 Bxf3 19. gxh7+ Kh8 20. Qxf3 f5 21. d5 Nxd5
22. Nxd5 Qxd5 23. Qxd5 exd5 24. Bd4 Rae8 25. Kd2 Re6 26. Ke3 Rh6 27. Rxh6 Bxh6
28. e6+ Kxh7 29. Bc5 Re8 30. e7 Bf8 31. Kf3 Bxe7 32. Re1 c3 33. Bxe7 c2 34. Rc1
Rxe7 35. Rxc2 Re6 36. Rc5 Rd6 37. Ke2 Kg6 38. Kd3 Kh5 39. Kd4 Kg4 40. Rxd5
Rxd5+ 41. Kxd5 Kxf4 42. Ke6 Kg4 43. g3 Kg5 44. Kf7 Kh5 45. Kf6 Kg4 46. Kg6 f4
0-1

[Event "Weekend Accademia Inverno"]
[Site "Roma ITA"]
[Date "2010.02.14"]
[Round "4"]
[White "Mircoli, Gianluca"]
[Black "Antonetti, Mattia"]
[Result "0-1"]
[WhiteElo "1923"]
[BlackElo "1622"]
[PlyCount "64"]
[EventDate "2010.02.12"]

1. d4 d5 2. Nf3 c6 3. Bg5 Nf6 4. Nbd2 Nbd7 5. e3 e6 6. c3 Be7 7. Bd3 c5 8. Qc2
c4 9. Be2 b5 10. a4 b4 11. cxb4 Bxb4 12. O-O a5 13. e4 Qb6 14. e5 Ng8 15. Be3
Ba6 16. Nb1 Ne7 17. Ng5 Nf5 18. g4 Nxd4 19. Qd1 Bc5 20. Nc3 Nxe5 21. Bf4 Ng6
22. Bg3 Qxb2 23. Rc1 Nxe2+ 24. Nxe2 Qf6 25. Nh3 Ne5 26. Nef4 g6 27. Nxd5 exd5
28. Qxd5 Nf3+ 29. Kg2 O-O 30. Qxc5 Bb7 31. Rfd1 Nd2+ 32. Kg1 Qf3 0-1